| 000 | 06814cam a22019094i 4500 | ||
|---|---|---|---|
| 003 | PE-LiUPU | ||
| 005 | 20250813165928.0 | ||
| 008 | 150706s2008 ck a r 000 0 spa d | ||
| 020 | _a9586485307 | ||
| 020 | _a9789586485302 | ||
| 035 | _a(Sirsi) i9789586485302 | ||
| 040 |
_aPE-LiUPU _bspa _cPE-LiUPU _dPE-LiUPU _erda |
||
| 049 | _aPRUA | ||
| 082 | 0 | 4 |
_a614.072 _bH43 _221 |
| 082 | 0 | 4 |
_a610.72 _bH44 2012 _221 |
| 100 | 1 |
_aHernández M., Luis Rogelio, _eautor. |
|
| 245 | 1 | 0 |
_aMetodología de la investigación en ciencias de la salud / _cLuis Rogelio Hernández M. |
| 250 | _a2a edición. | ||
| 264 | 1 |
_aBogotá : _bEcoe Ediciones, _c2008. |
|
| 300 |
_a116 páginas : _bilustraciones ; _c24 centímetros. |
||
| 336 |
_atext _2rdacontent |
||
| 337 |
_aunmediated _2rdamedia |
||
| 338 |
_avolume _2rdacarrier |
||
| 490 | 0 | _aCiencias de la salud, Medicina | |
| 505 | 0 | _aNociones de epistemología -- ¿Qué es la epistemología -- ¿Por qué es importante la epistemología para un investigador -- ¿Qué es el conocimiento? -- Modos de producción de conocimiento -- Ideología y ciencia -- ¿Qué es el conocimiento científico? -- ¿Qué es la ciencia? -- El plan de investigación -- ¿Existe el método científico? -- Diferencias entre método, técnica e instrumento científico -- Plan de investigación. Etapas -- Clasificación de la investigación -- Clasificación de los estudios clínicos -- Tipos de investigadores -- Búsqueda y selección de la literatura científica -- ¿Para qué buscar, seleccionar y analizar la literatura? -- Sugerencias para optimizar la búsqueda de información, en bancos de datos -- Guía para la búsqueda en Medline -- Análisis de la literatura y valoración de la evidencia -- Diseño de la investigación -- Planteamiento del problema -- Variables e indicadores - Controles -- Diseño de la observación -- Diseño de la medición - Enmascaramiento -- Diseño del experimento -- Diseño muestral -- Marco muestral -- Determinación del tamaño de muestra -- Diseño del muestreo -- Redacción del protocolo -- Partes del protocolo -- Indicaciones para redactar cada sección del protocolo -- Guía para evaluar proyectos -- Análisis de los resultados de la investigación -- Bioética en la investigación -- Principios bioéticos fundamentales -- Aplicaciones de la bioética encada fase de la investigación -- Ejemplos de delitos contra la ética y situaciones de conflicto de intereses -- El consentimiento informado -- Investigación en animales -- Investigación genética -- Redacción de un artículo científico - Resumen - Introducción - Método - Resultados - Discusión -- Referencias bibliográficas -- Indicaciones para citas y notas -- Normas de redacción, ortografía y sintaxis -- Difusión oral de la investigación -- Etapas de la exposición oral -- Uso adecuado de los medios audiovisuales -- Manejo de público -- Preguntas y respuestas -- Qué debe evitar durante la exposición -- Otras formas de difusión de la investigación. | |
| 526 | _aP203 | ||
| 526 | _aP200 | ||
| 526 | _aSEG65 | ||
| 526 | _aSEG64 | ||
| 526 | _aSEG63 | ||
| 526 | _aSEG62 | ||
| 526 | _aSEG61 | ||
| 526 | _aSEG60 | ||
| 526 | _aSEG59 | ||
| 526 | _aSEG58 | ||
| 526 | _aSEG57 | ||
| 526 | _aSEG56 | ||
| 526 | _aSEG55 | ||
| 526 | _aSEG54 | ||
| 526 | _aSEG53 | ||
| 526 | _aSEG52 | ||
| 526 | _aSEG51 | ||
| 526 | _aSEG50 | ||
| 526 | _aSEG49 | ||
| 526 | _aSEG48 | ||
| 526 | _aSEG47 | ||
| 526 | _aSEG46 | ||
| 526 | _aSEG24 | ||
| 526 | _aSEG23 | ||
| 526 | _aSEG22 | ||
| 526 | _aSEG21 | ||
| 526 | _aSEG20 | ||
| 526 | _aSEG19 | ||
| 526 | _aSEG18 | ||
| 526 | _aSEG17 | ||
| 526 | _aSEG16 | ||
| 526 | _aSEG14 | ||
| 526 | _aSEG13 | ||
| 526 | _aSEG12 | ||
| 526 | _aSEG11 | ||
| 526 | _aSEG10 | ||
| 526 | _aSEG09 | ||
| 526 | _aSEG06 | ||
| 526 | _aSEG05 | ||
| 526 | _aSEG04 | ||
| 526 | _aSEG03 | ||
| 526 | _aSEG02 | ||
| 526 | _aSEG68 | ||
| 526 | _aSEG66 | ||
| 526 | _aSEG45 | ||
| 526 | _aSEG25 | ||
| 526 | _aSEG01 | ||
| 526 | _aP163 | ||
| 526 | _aP162 | ||
| 526 | _aP161 | ||
| 526 | _aP160 | ||
| 526 | _aP159 | ||
| 526 | _aP158 | ||
| 526 | _aP157 | ||
| 526 | _aP156 | ||
| 526 | _aP155 | ||
| 526 | _aP154 | ||
| 526 | _aP153 | ||
| 526 | _aP152 | ||
| 526 | _aP151 | ||
| 526 | _aP150 | ||
| 526 | _aP149 | ||
| 526 | _aP142 | ||
| 526 | _aP141 | ||
| 526 | _aP140 | ||
| 526 | _aP139 | ||
| 526 | _aP138 | ||
| 526 | _aP137 | ||
| 526 | _aP132 | ||
| 526 | _aP131 | ||
| 526 | _aP130 | ||
| 526 | _aP126 | ||
| 526 | _aP125 | ||
| 526 | _aP124 | ||
| 526 | _aP123 | ||
| 526 | _aP115 | ||
| 526 | _aP122 | ||
| 526 | _aP121 | ||
| 526 | _aP116 | ||
| 526 | _a P114 | ||
| 526 | _aP112 | ||
| 526 | _aP111 | ||
| 526 | _aP104 | ||
| 526 | _aP103 | ||
| 526 | _aP102 | ||
| 526 | _aP101 | ||
| 526 | _aP100 | ||
| 526 | _aP96 | ||
| 526 | _aP95 | ||
| 526 | _aP93 | ||
| 526 | _aP92 | ||
| 526 | _aP91 | ||
| 526 | _aP88 | ||
| 526 | _aP83 | ||
| 526 | _aP82 | ||
| 526 | _aP79 | ||
| 526 | _aP78 | ||
| 526 | _aP75 | ||
| 526 | _aP74 | ||
| 526 | _aP71 | ||
| 526 | _aP69 | ||
| 526 | _a P51 | ||
| 526 | _aP49 | ||
| 526 | _aP48 | ||
| 526 | _aP47 | ||
| 526 | _aP33 | ||
| 526 | _aP31 | ||
| 526 | _a P30 | ||
| 526 | _aP29 | ||
| 526 | _aP27 | ||
| 526 | _aP26 | ||
| 526 | _aP25 | ||
| 526 | _aP24 | ||
| 526 | _a P22 | ||
| 526 | _aP10 | ||
| 526 | _aP09 | ||
| 526 | _a P08 | ||
| 526 | _aP06 | ||
| 526 | _aP05 | ||
| 526 | _aP04 | ||
| 526 | _aP01 | ||
| 541 | _g0001-000201; | ||
| 541 | _g001-00003175; | ||
| 650 | 0 | 4 |
_aMedicina _xInvestigaciones. |
| 650 | 0 | 4 |
_aSalud pública _xInvestigaciones. |
| 650 | 0 | 4 | _aInvestigación científica en medicina. |
| 650 | 0 | 4 | _aInvestigación científica. |
| 910 |
_agl _clch _d20130709 |
||
| 910 |
_btqv _caic _d20170127 |
||
| 942 |
_2ddc _cBOOK |
||
| 949 |
_a614.072 H43 _wDEWEY _c1 _i67830 _lCCODEBUL1 _mBUL _p20.00 _r0 _sY _tBOOK _u2015-7-6 _xSALUD _PP22 _o.STAFF. Colección General |
||
| 949 |
_a610.72 H44 2012 _wDEWEY _c1 _iFJ06136 _lCCODEBUJ1 _mBUJ _p16.00 _r0 _sY _tBOOK _u2017-01-27 _xSALUD _zPSICOLOGÍA _0COMPRA _o.STAFF. Colección General Juliaca |
||
| 994 |
_aC0 _bPEPRU |
||
| 596 | _a1 3 | ||
| 999 |
_a614.072 H43 _wDEWEY _c55347 _i67830 _d55347 _e2015-8-20 _f2021-11-4 _g5 _lCCODEBUL1 _mBUL _n1 _p20.00 _q1 _r0 _sY _tBOOK _u2015-7-6 _xSALUD _zP22 _0COMPRA _o.STAFF. Colección Ciencias de la Salud |
||
| 999 |
_a610.72 H44 2012 _wDEWEY _c1 _iFJ06136 _d2018-5-4 _e2018-5-3 _f2022-1-25 _g3 _lCCODEBUJ1 _mBUJ _n2 _p16.00 _r0 _sY _tBOOK _u2017-1-27 _xSALUD _PP33 _0COMPRA _o.STAFF. Colección General Juliaca |
||
| 980 |
_81 _gALBERTO SANCHEZ Responsable de Automatización |
||